Chansons de Jimi Hendrix - Statistiques

Statistiques générales
  • Ce quiz a été pris 6 fois
  • Le résultat moyen est 15 sur 55
Statistiques - réponses
Albums Chansons % Correct
Hey Joe
80%
Edition américaine Purple Haze
80%
Are You Experienced?
60%
Are You Experienced?
60%
Bold as Love
60%
Crosstown Traffic
60%
Are You Experienced (1967) Foxy Lady
60%
Foxy Lady
60%
Edition britannique et internationale Manic Depression
60%
Manic Depression
60%
Third Stone from the Sun
60%
Third Stone from the Sun
60%
All Along the Watchtower
40%
Castles Made of Sand
40%
Fire
40%
Fire
40%
If 6 Was 9
40%
Little Wing
40%
Machine Gun
40%
Spanish Castle Magic
40%
The Wind Cries Mary
40%
Voodoo Child (Slight Return)
40%
Voodoo Chile
40%
1983... (A Merman I Should Turn to Be)
20%
Burning of the Midnight Lamp
20%
Changes
20%
Little Miss Strange
20%
Love or Confusion
20%
Love or Confusion
20%
May This Be Love
20%
May This Be Love
20%
Message of Love
20%
Power to Love
20%
Rainy Day, Dream Away
20%
Red House
20%
She's So Fine
20%
We Gotta Live Together
20%
Band of Gypsys (1970) Who Knows
20%
Ain't No Telling
0%
Can You See Me
0%
Come On (Part 1)
0%
Gypsy Eyes
0%
Electric Ladyland (1968) Have You Ever Been (To Electric Ladyland)
0%
House Burning Down
0%
I Don't Live Today
0%
I Don't Live Today
0%
Little Miss Lover
0%
Long Hot Summer Night
0%
Moon, Turn the Tides… Gently Gently Away
0%
One Rainy Wish
0%
Remember
0%
Still Raining, Still Dreaming
0%
Axis:Bold as Love (1967) Up from the Skies
0%
Wait Until Tomorrow
0%
You Got Me Floatin'
0%
Aucun quiz correspondant
Distribution des résultats
% des personnes avec chaque résultat
Percentile par nombre de réponses
Votre historique - résultats
Vous n’avez pas pris ce quiz